| 000 | nam a22 4500 | ||
|---|---|---|---|
| 999 |
_c8943 _d8943 |
||
| 008 | 180321b ||||| |||| 00| 0 eng d | ||
| 245 |
_aEnvironment preservation: _bMangrove planting, coastal clean-up highlight summer beach sports festival 2016 in Comval |
||
| 260 |
_aDavao City _bSun Star Davao _cc2016 |
||
| 300 | _apage 16. | ||
| 650 | 0 |
_926977 _aEnvironmental movement. |
|
| 942 |
_2ddc _cPER |
||